000 00382nam a2200157Ia 4500
005 20240807062332.0
008 240806s9999||||xx |||||||||||||| ||eng||
041 _aeng
082 _a891.4309
_bTIWA
100 _aTiwari, Ramesh
245 0 _aAlochna ke teen aayam /
_cTiwari, Ramesh
260 _bSangam Prakashan, Allahabad
300 _a247p.
650 _aHindi
942 _cBK
999 _c15882
_d15882